| 000 | 01351cam a2200337 a 4500 | ||
|---|---|---|---|
| 005 | 20260322212006.0 | ||
| 008 | data | ||
| 010 | _a 95008302 | ||
| 020 | _a0385315023 (HC) | ||
| 020 | _a9780385315029 (HC) | ||
| 040 |
_aDLC _cDLC _dDLC |
||
| 043 | _an-us-il | ||
| 050 | 0 | 0 |
_aPS3566.A647 _bW56 1995 |
| 082 | 0 | 0 |
_a813/.54 _220 |
| 100 | 1 | _aParetsky, Sara. | |
| 245 | 1 | 0 |
_aWindy City blues : _bV. I. Warshawski stories / _cSara Paretsky. |
| 260 |
_aNew York : _bDelacorte Press, _c1995. |
||
| 300 |
_a258 p. ; _c22 cm. |
||
| 650 | 0 |
_aWarshawski, V. I. (Fictitious character) _xFiction. |
|
| 650 | 0 |
_aWomen private investigators _zChicago _zChicago _xFiction. |
|
| 650 | 0 | _aDetective and mystery stories, American. | |
| 651 | 0 |
_aChicago (Ill.) _xFiction. |
|
| 856 | 4 | 1 |
_3Sample text _uhttp://www.loc.gov/catdir/samples/random041/95008302.html |
| 856 | 4 | 2 |
_3Publisher description _uhttp://www.loc.gov/catdir/description/random043/95008302.html |
| 906 |
_a7 _bcbc _corignew _d1 _eocip _f19 _gy-gencatlg |
||
| 920 | _a** LC HAS REQ'D # OF SHELF COPIES ** | ||
| 991 |
_bc-GenColl _hPS3566.A647 _iW56 1995 _tCopy 1 _wBOOKS |
||
| 991 |
_bc-GenColl _hPS3566.A647 _iW56 1995 _p00014353550 _tCopy 901 _wCCF |
||
| 001 | data | ||
| 999 |
_c109 _d109 |
||